| 000 | 00716nam a2200205 a 4500 | ||
|---|---|---|---|
| 005 | 20210219152916.0 | ||
| 008 | 991125n 000 0 spa u | ||
| 035 | _aUPN01000066792 | ||
| 100 | _aRAMIREZ IZQUIERDO, Victor | ||
| 222 | _aCONESCAL : REVISTA DEL CENTRO REGIONAL DE CONSTRUCCIONES ESCOLARES PARA AMERICA LATINA | ||
| 245 | _aCaptación de recursos económicos para construcciones educativas frente a las necesidades impuestas por la reforma: fuentes de financiamiento interno | ||
| 260 | _aMEXICO | ||
| 300 | _a21-27 | ||
| 362 | _a1971 No. 22 dic | ||
| 653 | 0 | _aCONSTRUCCIONES ESCOLARES | |
| 653 | 0 | _aGASTO EDUCATIVO | |
| 653 | 0 | _aREFORMA EDUCATIVA | |
| 904 |
_aAC _b004603 |
||
| 905 | _aArticulo | ||
| 999 |
_c63658 _d63658 |
||